| 000 | 00353nam a2200121Ia 4500 | ||
|---|---|---|---|
| 008 | 231129s2017||||xx |||||||||||||| ||spa|| | ||
| 020 | _a978-958-30-5467 | ||
| 082 | _a(i)863.08 M664c | ||
| 245 | 0 | _aLeer es mi cuento: Cuentos de ayer y de hoy | |
| 260 | _c2017 | ||
| 264 | _aBogotá : Panamericana. | ||
| 942 |
_2ddc _cBKS |
||
| 999 |
_c19087 _d19087 |
||